| 000 | 05907nam a2200421 a 4500 | ||
|---|---|---|---|
| 001 | 000045064 | ||
| 005 | 20201002045840.0 | ||
| 008 | 091130s2012 dr a 000 0 spa d | ||
| 020 | _a9789945117462 (v. 1) | ||
| 020 | _a9789945117479 (v. 2) | ||
| 020 | _a9789945117486 (v. 3) | ||
| 020 | _a9789945117493 (v. 4) | ||
| 020 | _a9789945117509 (v. 5) | ||
| 020 | _a9789945117516 (v. 6) | ||
| 020 | _a9789945117523 (v. 7) | ||
| 020 | _a9789945117530 (v. 8) | ||
| 040 |
_aDO-SdBNP _bspa _cBNPHU |
||
| 082 |
_a372.634 _bC153 |
||
| 100 | 1 |
_aAriza Jiménez Malena, Martha _931286 |
|
| 245 | 1 | 0 |
_aCaligrafía : _beducación básica / _cMartha Ariza Jiménez Malena ; editora María Isabel Incháustegui; ilustración Ruddy Nuñez. |
| 260 |
_aSanto Domingo : _bSantillana, _c2012. |
||
| 300 |
_a8 v : _bil. ; _c28 cm. |
||
| 490 | 1 | _aInnova | |
| 505 | 0 |
_gv. 1 : _tVamos a soltar la mano -- _tEste es el alfabeto -- _tVamos a escribir el alfabeto -- _tLas vocales -- _tLas consonantes -- _tGrupos consonánticos -- _tVamos a escribir poemas -- _tPl, Pr -- _tTl, Tr -- _tTarjeta postal -- |
|
| 505 | 0 |
_gv. 2 : _tEste es el alfabeto -- _tVamos a escribir el alfabeto -- _tLas vocales -- _tDiptongos -- _tM ó N -- _tVamos a descifrar: adivinanzas -- _tB ó P -- _tC ó Z -- _tVamos a leer y a escribir -- _tX ó Z -- _tG ó I -- _tG ó Gu -- _tC ó Qu -- _tR ó Rr -- _tC ó S -- _tS ó Z -- _tAprende trabalenguas -- _tSc ó Xc -- _tS ó Z -- _tVamos a escribir: k, w, y -- _tSignos de puntuación -- _tVamos a crear: Carta -- _tVamos a completar: una historia -- _tVamos a escribir: números -- |
|
| 505 | 0 |
_gv. 3 : _gficha 1 -- _tAbecedario completo en letra manuscrita -- _gficha 2 -- _tAbecedario completo en letra imprenta -- _gficha 3 -- _tDatos personales -- _gficha 4 -- _tNombres de árboles -- _gficha 5 -- _tOnomatopeyas -- _gficha 6 -- _tRefranes -- _gficha 7 -- _tChistes -- _gficha 8 -- _tTrabalenguas -- _gficha 9 -- _tVersos para terminar un cuento -- _gficha 10 -- _tNombre y firma -- _gficha 11 -- _tPoema -- _gficha 12 -- _tCuriosidades del mundo animal -- _gficha 13 -- _tReceta -- _gficha 14 -- _tCanción -- _gficha 15 -- _tInvitación -- _gficha 16 -- _tDiario de vida y entrevistas -- _gficha 17 -- _tProblemas y soluciones -- _gficha 18 -- _tComparo y explico -- _gficha 19 -- _tNúmeros -- _gficha 20 -- _tLugares de nuestro país -- _gficha 21 -- _tTexto informativo -- _gficha 22 -- _tCuento -- _gficha 23 -- _tSugerencias y rutas -- _gficha 24 -- _tModismos dominicanos -- _gficha 25 -- _tMemorándum -- _gficha 26 -- _tExhortación -- |
|
| 505 | 0 |
_gv. 4 : _gficha 1 -- _tAbecedario completo en letra manuscrita -- _gficha 2 -- _tAbecedario completo en letra imprenta -- _gficha 3 -- _tDatos personales -- _gficha 4 -- _tVersos que anuncian el tiempo -- _gficha 5 -- _tRimas para jugar -- _gficha 6 -- _tColmos -- _gficha 7 -- _tTrabalenguas -- _gficha 8 -- _tChistes -- _gficha 9 -- _tAbecegrama -- _gficha 10 -- _tNombre y seudónimo -- _gficha 11 -- _tDefiniciones -- _gficha 12 -- _tCanción -- _gficha 13 -- _tJuego tradicional -- _gficha 14 -- _tLugares de nuestro país -- _gficha 15 -- _tPoema -- _gficha 16 -- _tTexto informativo -- _gficha 17 -- _tEtimología -- _gficha 18 -- _tDécimas -- _gficha 19 -- _tPortada de un informe -- _gficha 20 -- _tTexto informativo -- _gficha 21 -- _tCostumbres dominicanas -- _gficha 22 -- _tEntrevista -- _gficha 23 -- _tPersonajes mitológicos de la República Dominicana -- _gficha 24 -- _tTexto informativo -- _gficha 25 -- _tPremio -- _gficha 26 -- _tNoticia -- |
|
| 505 | 0 |
_gv. 5 -- _gunidad 1 -- _tLeo, y copio: Yo tengo, yo puedo -- _tLeo, comento y escribo: Lo pequeño es hermoso -- _tLeo, comprendo y escribo un texto causa y consecuencia -- _gunidad 2 -- _tLeo y copio: Las tijeras de mamá -- _tLeo, comento y escribo: Mi comunidad y mi patria -- _tLeo, comprendo y escribo una noticia -- _gunidad 3 -- _tLeo y copio: Luna lunera -- _tLeo, comento y escribo: La reforestación -- _tLeo, comprendo y escribo un texto narrativo -- _gunidad 4 -- _tLeo y copio: Aurora de mi patria -- _tLeo, comento y escribo: Cada persona es única -- _tLeo, comprendo y escribo un texto comparativo -- _gunidad 5 -- _tLeo y copio: Catálogo de herramientas -- _tLeo, comento y escribo: Reír para sanar -- _tLeo, comprendo y escribo una leyenda -- _gunidad 6 -- _tLeo y copio: La pricesa Violeta -- _tLeo, comento y escribo: El peatón -- _tLeo, comprendo y escribo una breve historia -- _gunidad 7 -- _tLeo y copio: Un libro para el viaje... -- _tLeo, comento y escribo: Carta al abuelito... -- _tLeo, comprendo y escribo una biografía -- _gunidad 8 -- _tLeo y copio: Un libro para el viaje -- _tLeo, comento y escribo: Carta al abuelito -- _tLeo, comprendo y escribo una biografía -- _gunidad 9 -- _tLeo y copio: Mamíferos en el mar -- _tLeo, comento y escribo: La tierra sin bosques -- _tLeo, comprendo y escribo una fábula -- _gunidad 10 -- _tLeo y copio: El trompo -- _tLeo, comento y escribo: La hormiga, la paloma -- _tLeo, comprendo y escribo un texto causa-consecuencia - _gunidad 11 -- _tLeo y copio: El caballito de mar -- _tLeo, comento y escribo: ¡Qué alivio! -- _tLeo, comprendo y escribo un texto descriptivo - _gunidad 12 -- _tLeo y copio: ¡Hormigas, al hormiguero! -- _tLeo, comento y escribo: Nuestros campesino, expertos artesanos -- _tLeo, comprendo y escribo una postal - _gunidad 13 -- _tLeo y copio: La fuente -- _tLeo, comento y escribo: La victoria de los cangrejos -- _tLeo, comprendo y escribo un texto narrativo -- |
|
| 505 | 0 |
_gv. 6 -- _tLeo, y copio -- _tLeo, comento y escribo -- _tLeo, comprendo y escribo ... -- |
|
| 505 | 0 |
_gv. 7 : _tLeo y copio -- _tLeo, comento y escribo _tLeo, comprendo y escribo |
|
| 505 | 0 |
_gv. 8 : _tLeo y copio _tLeo, comento y escribo _tLeo, comprendo y escribo _gCaligrafía 8 |
|
| 650 | 4 |
_aCaligrafía _xEstudio y enseñanza _930847 |
|
| 650 | 4 |
_aCaligrafía _xTécnica _930848 |
|
| 650 | 4 |
_aCaligrafía _xLibros de texto _930849 |
|
| 700 | 1 |
_aIncháustegui, María Isabel, _eed. _929568 |
|
| 700 | 1 |
_aNúñez, Ruddy _eil. _923171 |
|
| 830 | 0 |
_aInnova _929570 |
|
| 999 |
_c44553 _d44553 |
||